| 000 | 00802nam a2200217 a 4500 | ||
|---|---|---|---|
| 001 | 000026456 | ||
| 005 | 20200930030232.0 | ||
| 008 | 110318s1970 mx r 000 0 spa d | ||
| 040 |
_aDO-SdBNP _bspa _cBNPHU |
||
| 082 |
_axxx _bG747a |
||
| 100 | 1 |
_aGramsci, Antonio, _d1891-1937. _95232 |
|
| 245 | 1 | 0 |
_aAntología / _cAntonio Gramsci ; selección, traducción y notas de Manuel Sacristán. |
| 260 |
_aMéxico, D. F. : _bSiglo Veintiuno Editores, _c1970. |
||
| 300 |
_axvi, 522 p. ; _c21 cm. |
||
| 490 | 1 | _aTeoría y crítica | |
| 500 | _aIncluye referencias bibliográficas y notas al pie de las páginas | ||
| 590 | _aPerteneció a la biblioteca personal de Juan Isidro Jimenes Grullón | ||
| 700 | 1 |
_aSacristán Luzón, Manuel _etr. _913751 |
|
| 830 | 0 |
_aTeoría y crítica _931033 |
|
| 049 | _aBNGR | ||
| 999 |
_c25948 _d25948 |
||